| 000 | 00386 a2200145 4500 | ||
|---|---|---|---|
| 999 |
_c9907 _d9907 |
||
| 020 | _aNO ISBN | ||
| 050 | _aKQERHO1977 | ||
| 245 |
_aRhodesia Government Gazette : _b(Part 1) .1-239 / |
||
| 264 |
_aSalisbury: Zimbabwe _bGovernment Printer, _c1977 |
||
| 300 | _a1128p. : | ||
| 500 | _aincludes index | ||
| 650 | _alegislation | ||
| 651 | _azimbabwe | ||
| 942 |
_2lcc _cSERIALS _h512 _iRHO _kKQE |
||